000 00603nam a2200241Ia 4500
005 20260320201212.0
008 008 262003s9999 xx 000 0 eng d
037 _aEBOOK
040 _aCRL
040 _beng
040 _cCRL
041 _2eng
041 _aeng
084 _qCRL
100 _aSenecal
_91134463
245 4 _aThe Reign of Botnets: Defending Against Abuses, Bots and Fraud on the Internet
260 _bIEEE
260 _c2024
856 _uhttps://ieeexplore.ieee.org/servlet/opac?bknumber=10950182
942 _cEBOOK
999 _c1719646
_d1719646